| 000 | 00371nam a22001457a 4500 | ||
|---|---|---|---|
| 003 | macl | ||
| 005 | 20181106124238.0 | ||
| 008 | 181106b xxu||||| |||| 00| 0 eng d | ||
| 040 | _cmacl | ||
| 100 |
_aMagBook Arihnat _973167 |
||
| 245 | _aIndia And World Geography | ||
| 260 |
_aDelhi _b MagBook Arihnat _c2018 |
||
| 650 |
_a Geography _973168 |
||
| 942 |
_2ddc _cBK |
||
| 999 |
_c58546 _d58546 |
||